| 000 | 00753nam a22002177a 4500 | ||
|---|---|---|---|
| 005 | 20081020163730.0 | ||
| 008 | 081020t xxu||||| |||| 00| 0 eng d | ||
| 010 | _aENG-84257 | ||
| 020 | _a8172733453 | ||
| 020 | _c450.00 (hb) | ||
| 035 | _aEN-67790 | ||
| 082 | _a305.4 | ||
| 100 | _aSonmi, Jasprit Kaur | ||
| 245 |
_aWomen empowerment :- _bexploring the facts / _cby Jasprit Kaur Soni |
||
| 260 |
_aDelhi _bAuthorspress |
||
| 260 | _c2006 | ||
| 300 |
_aviii,195p _c22cm |
||
| 500 | _aIncludes bibliographical references and index | ||
| 942 |
_2ddc _cEN _h305.4 _mSON |
||
| 999 |
_c17596 _d17596 |
||